[Event "The Hopes of the World U14/16 7th"]
[Site "St Constantin and Helena"]
[Date "2010.06.24"]
[Round "2"]
[White "Gerasimov, Aleksandar"]
[Black "Styazhkina, Anna"]
[Result "0-1"]
[WhiteElo "2274"]
[BlackElo "1973"]
[PlyCount "96"]
[EventDate "2010.06.23"]
[EventType "swiss"]
[EventRounds "7"]
[EventCountry "BUL"]
[SourceTitle "EXT 2012"]
[Source "ChessBase"]
[SourceDate "2011.11.24"]
[SourceVersion "1"]
[SourceVersionDate "2011.11.24"]
[SourceQuality "1"]

1. e4 c5 2. Nf3 g6 3. d4 cxd4 4. Nxd4 Bg7 5. Nc3 Nc6 6. Be3 Nf6 7. f4 d6 8. Nb3 Ng4 9. Bg1 0-0 10. Qd2 a6 11. h3 Nf6 12. 0-0-0 b5 13. Bd3 Bd7 14. g4 Na5 15. g5 Ne8 16. Nd5 Nxb3+ 17. axb3 Rb8 18. Bb6 Rxb6 19. Qa5 Rb8 20. Qxd8 Rxd8 21. Nxe7+ Kh8 22. f5 Be5 23. h4 Ng7 24. Be2 gxf5 25. h5 Bf4+ 26. Kb1 Bxg5 27. h6 Bxe7 28. hxg7+ Kxg7 29. Rdg1+ Kh8 30. Rh5 Rg8 31. Rgh1 Rg7 32. exf5 f6 33. c4 Rc8 34. Bd3 Rc5 35. b4 Re5 36. b3 Be8 37. R5h4 Bf7 38. Kc2 Bg8 39. Ra1 Rg2+ 40. Kc3 Rg3 41. Kd4 Ree3 42. Rd1 Bd8 43. c5 dxc5+ 44. bxc5 Bxb3 45. Rd2 Bc7 46. Re4 Be5+ 47. Rxe5 fxe5+ 48. Kc3 Bc4 0-1